6 to 1: Border Quiz Stats

 Plays Quiz Updated May 25, 2018

Also try: 6 to 1: Asia
Challenge
Share
Tweet
Embed
Score 0/21 Timer 03:00
0 Plays Today
Answer % Correct
North Dakota
96.8%
Argentina
92.8%
Peru
88.7%
Australia
86%
Montana
85.5%
Bolivia
83%
Minnesota
83%
South Korea
81.2%
Wyoming
79.6%
Nebraska
79.4%
Iowa
78.1%
Answer % Correct
Ethiopia
76.7%
Tanzania
75.2%
Somalia
74.5%
Uganda
72.9%
United States-Canada
69.4%
South Sudan
63.7%
Madagascar
61.1%
Brunei
52.7%
Qatar
48.7%
Timor-Leste
48.1%

You're not logged in!

Compare scores with friends on all Sporcle quizzes.
OR
Log In

You Might Also Like...

Show Comments

Extras

Top Quizzes Today


Score Distribution

Your Account Isn't Verified!

In order to create a playlist on Sporcle, you need to verify the email address you used during registration. Go to your Sporcle Settings to finish the process.

Report this User

Report this user for behavior that violates our Community Guidelines.

Details: